000 00500nam a22001937a 4500
003 OSt
005 20251111124807.0
008 251111b |||||||| |||| 00| 0 eng d
022 _a1936-7244
037 _cPeriodical
040 _aFEDL
_beng
_cFEDL
041 _aeng
_heng
245 _aJournal of applied social science
260 _aThousand Oaks
_bSage Publications
_c2020
300 _a291p.
490 _vV. 14-15, No. 1-2, 1-2 (2020-21)
942 _2ddc
_cCR
_n0
999 _c1465212
_d1465212